000 00323nam a2200121Ia 4500
008 230907s9999||||xx |||||||||||||| ||und||
082 _a621.433,WAL
100 _aWalsh, Philip P.
_9115305
245 0 _aGas turbine performance
260 _aBlackwell Science,
_bMalden, MA :
_c2004
300 _axiv, 646 p. :
942 _cBK
999 _c598064
_d598064